Treasure Island (Record no. 11673)

MARC details
000 -LEADER
fixed length control field 00265nam a22000977a 4500
008 - FIXED-LENGTH DATA ELEMENTS--GENERAL INFORMATION
fixed length control field 191126b ||||| |||| 00| 0 eng d
020 ## - INTERNATIONAL STANDARD BOOK NUMBER
International Standard Book Number 9789380278568
100 ## - MAIN ENTRY--PERSONAL NAME
Personal name Stevenson Louis Robert
9 (RLIN) 7375
245 ## - TITLE STATEMENT
Title Treasure Island
260 ## - PUBLICATION, DISTRIBUTION, ETC. (IMPRINT)
Place of publication, distribution, etc. New Delhi
Name of publisher, distributor, etc. Paper Clip Books
Date of publication, distribution, etc. 2019
Holdings
Withdrawn status Lost status Source of classification or shelving scheme Damaged status Koha normalized classification for sorting Not for loan Home library Current library Shelving location Date acquired Total Checkouts Full call number Barcode Date last seen Date last checked out Price effective from Koha item type
    Dewey Decimal Classification   STE_823_000000000000000_N1   Good Samaritan School Library Good Samaritan School Library FICTION 11/26/2019 3 STE823 N-1 STE15693 02/18/2020 02/17/2020 11/26/2019 BOOK

Powered by Koha